ESSENTIALS OF BRIDGE ENGINEERING (Record no. 21109)

MARC details
000 -LEADER
fixed length control field 00361nam a22001577a 4500
003 - CONTROL NUMBER IDENTIFIER
control field SGT
020 ## - INTERNATIONAL STANDARD BOOK NUMBER
International Standard Book Number 9788120417175
082 ## - DEWEY DECIMAL CLASSIFICATION NUMBER
Classification number 624.2,VIC
100 ## - MAIN ENTRY--PERSONAL NAME
Personal name VICTOR,JOHNSON D.
245 ## - TITLE STATEMENT
Title ESSENTIALS OF BRIDGE ENGINEERING
250 ## - EDITION STATEMENT
Edition statement 6TH
260 ## - PUBLICATION, DISTRIBUTION, ETC. (IMPRINT)
Place of publication, distribution, etc NEW DELHI
Name of publisher, distributor, etc CBS PUBLISHERS
Year of Publication 2021
300 ## - PAGE DESCRIPTION
No. of Pages 480
650 ## - SUBJECT ADDED ENTRY--TOPICAL TERM
Topical term or geographic name as entry element CIVIL ENGINEERING
942 ## - ADDED ENTRY ELEMENTS (KOHA)
Source of classification or shelving scheme Dewey Decimal Classification
Koha item type Books
Holdings
Withdrawn status Lost status Source of classification or shelving scheme Damaged status Use restrictions Not for loan Collection code Home library Current library Shelving location Date acquired Vendor Name Cost, normal purchase price SGTU Bill Number Full call number Accession No. (Barcode) Date last seen Bill Date Koha item type Total Checkouts
    Dewey Decimal Classification   Restricted Access   ENGINEERING SGT Engineering Library SGT Engineering Library Reference Book 12/09/2023 AHUJA BOOK COMPANY 675.00 SGTU 16906 624.2,VIC FE8830 12/09/2023 16/06/2023 Books  
    Dewey Decimal Classification       ENGINEERING SGT Engineering Library SGT Engineering Library Text Book 12/09/2023 AHUJA BOOK COMPANY 675.00 SGTU 16906 624.2,VIC FE8831 12/09/2023 16/06/2023 Books  
    Dewey Decimal Classification       ENGINEERING SGT Engineering Library SGT Engineering Library Text Book 12/09/2023 AHUJA BOOK COMPANY 675.00 SGTU 16906 624.2,VIC FE8832 12/09/2023 16/06/2023 Books  
    Dewey Decimal Classification       ENGINEERING SGT Engineering Library SGT Engineering Library Text Book 12/09/2023 AHUJA BOOK COMPANY 675.00 SGTU 16906 624.2,VIC FE8833 12/09/2023 16/06/2023 Books  
    Dewey Decimal Classification       ENGINEERING SGT Engineering Library SGT Engineering Library Text Book 12/09/2023 AHUJA BOOK COMPANY 675.00 SGTU 16906 624.2,VIC FE8834 12/09/2023 16/06/2023 Books